Quizzes
Events
Quiz Creation
Community
Videos
Private Events
Remove Ads
Sign In
Join for FREE
Feedback
Dark Mode
Quiz Categories
Sports
Geography
Music
Movies
Television
Just For Fun
Miscellaneous
History
Literature
Language
Science
Gaming
Entertainment
Religion
Holiday
For Kids
Quiz Lab
Recent
Popular Today
Quiz Kudos Today
Editor Picks
Curator Picks
Quizzes by...
Day
Popularity
Type
Ratings
Length
Year
Community
Subscriptions
Recent Discussions
Orange Saloon
Badges
Playlists
Quests
Create
Leaderboards
Showdown
Live 5
Trivia Bingo
Activity
Puzzle Library
Sporcle Events
Private Events
Virtual Trivia
Globe League
Become a Host
Pub Owners
SporcleCon
Opinionation
Our Games
Videos
Blog
Mobile Apps
Partnerships
Remove Ads and Go Orange
Feedback
Sports
Athletes
MLB
NBA
NHL
NFL
Soccer
Sports Teams
WWE
NCAA
Football
Premier League
Basketball
Baseball
Hockey
Golf
Tennis
Cricket
Rugby
Auto Racing
Olympics
World Cup
Sports
Athletes
MLB
NBA
NHL
NFL
Soccer
Sports Teams
WWE
NCAA
Football
Premier League
Basketball
Baseball
Hockey
Golf
Tennis
Cricket
Rugby
Auto Racing
Olympics
World Cup
Random Quiz
Search Sporcle
×
Quiz Lab
Quiz Lab
Sports
Auto Racing
Type in answers that appear in a list
Type in answers that appear in a list
Classic
Best Score? Go Orange.
1994 NASCAR Winston Cup Winners Stats
Can you name the 1994 NASCAR Winston Cup Winners?
By
Gaimsco
10m
35 Questions
693 Plays
693 Plays
693 Plays
Comments
Comments
Give Quiz Kudos
Give Quiz Kudos
-
- Ratings
hide this ad
Replay
Link that replays current quiz
Next Quiz
Link to next quiz in quiz playlist
You Got
0%
They Got
Avg Score
91%
Avg Friend Score
Upgrade to see
Score Distribution
Jump to the score distribution portion of the page
Score
0/35
Timer
10:00
0
Plays Today
Race
Race Winner
% Correct
Gatorade 125 Race 2
Dale Earnhardt
100%
TranSouth 400 (Darlington)
Dale Earnhardt
100%
Food City 500 (Bristol)
Dale Earnhardt
100%
Winston Select 500 (Talladega)
Dale Earnhardt
100%
AC Delco 500 (Rockingham)
Dale Earnhardt
100%
Busch Clash (Daytona)
Jeff Gordon
98.4%
Coca Cola 600 (Charlotte)
Jeff Gordon
98.4%
Brickyard 400 (Indianapolis)
Jeff Gordon
98.4%
Goodwrench 500 (Rockingham)
Rusty Wallace
96.7%
Hanes 500 (Martinsville)
Rusty Wallace
96.7%
Budweiser 500 (Dover)
Rusty Wallace
96.7%
Teamwork 500 (Pocono)
Rusty Wallace
96.7%
Miller 400 (Michigan)
Rusty Wallace
96.7%
Goody's 500 (Bristol)
Rusty Wallace
96.7%
SplitFire 500 (Dover)
Rusty Wallace
96.7%
Goody's 500 (Martinsville)
Rusty Wallace
96.7%
Bud At The Glen (Watkins Glen)
Mark Martin
92.6%
Hooters 500 (Atlanta)
Mark Martin
92.6%
Race
Race Winner
% Correct
First Union 400 (North Wilkeboro)
Terry Labonte
91.6%
Miller 400 (Richmond)
Terry Labonte
91.6%
Slick 50 500 (Phoenix)
Terry Labonte
91.6%
Daytona 500
Sterling Marlin
90.6%
Mello Yello 500 (Charlotte)
Dale Jarrett
87.4%
Mt Dew Southern 500 (Darlington)
Bill Elliott
85.1%
Gatorade 125 Race 1
Ernie Irvan
84.7%
Pontiac 400 (Richmond)
Ernie Irvan
84.7%
Purolator 500 (Atlanta)
Ernie Irvan
84.7%
Save Mart 300 (Sonoma)
Ernie Irvan
84.7%
The Winston (Charlotte)
Geoff Bodine
84.6%
Miller 500 (Pocono)
Geoff Bodine
84.6%
Goodwrench 400 (Michigan)
Geoff Bodine
84.6%
Holly Farms 400 (North Wilkeboro)
Geoff Bodine
84.6%
Slick 50 300 (Loudon)
Ricky Rudd
82.1%
Pepsi 400 (Daytona)
Jimmy Spencer
76.2%
Diehard 500 (Talladega)
Jimmy Spencer
76.2%
Quiz Playlist
Details
Report
Send in Message
Add To Playlist
Classic:
Type in answers that appear in a list
Quiz Source
Last Updated: Feb 16, 2017
Quiz Scoreboard
CHALLENGE
Sign Up to Join the Scoreboard
Show All
Scores
Hide
Comments
May contain spoilers
Recently Published
Click the 1999 NBA Draft
by nibperrychub
Sports
2m
Alphabetical 'K' Countries by Flag Minefield
by ylime102
Geography
3m
Pick 6: Fruits
by JohnFran
Miscellaneous
15s
More to Explore
Quiz From the Vault
Featured Blog Post
15 Basketball Trivia Facts You Can Be March Mad About
hide this ad
You Might Also Like...
Tags
Auto Racing Quiz
1994
cup
NASCAR
race
Winner
Winston
Today's Top Quizzes in Sports
Browse Sports
hide this ad
Today's Top Quizzes in Auto Racing
Browse Auto Racing
Top Contributed Quizzes in Sports
1
Les joueurs à 100 buts en Ligue 1 Uber Eats
2
Pick 6: NFL Teams
3
MLB 2 truths and a lie: Hall of Fame pitchers
4
2022 World Cup Stars
5
Criteria MLB: Left Handed Sluggers
6
Millionaire: NBA Finals Edition
7
Pick 6: Minor League Baseball
8
Click the 1998 NBA Draft
9
Don't Strike Out: 3000 Strikeouts
10
Pick 6: Olympics
Explore More
Trending Topics
NBA
Crossword
Disney
Kpop
Anime
Harry Potter
Marvel
Puzzle
Song
WWE
NFL
Country
Soccer
The Office
Pokémon
hide this ad
More By:
Gaimsco
Quiz
Plays
Rating
Category
Featured
Created
1985 NASCAR Winston Cup Winners
1,343
4.59
Sports
Mar 23, 2011
1994 NASCAR Winston Cup Winners
693
4.29
Sports
Dec 13, 2010
NASCAR Sonoma Raceway Winners
641
5.00
Sports
Jun 18, 2010
1993 NASCAR Winston Cup Winners
506
5.00
Sports
Dec 13, 2010
1992 NASCAR Winston Cup Winners
476
4.83
Sports
Dec 13, 2010
Go to Creator's Profile
Score Distribution
Quiz Creator Spotlight
Gaimsco
Follow
Send a Message
Quizzes Created
-
Created Quiz Play Count
-
More By This Creator
Popular Quizzes Today
1
Countries of Asia Without Outlines Minefield
2
Find the US States - No Outlines Minefield
3
Pick 6: Fruits
4
Alphabetical 'K' Countries by Flag Minefield
5
The Countries of the World
6
Find the US States
7
US States
8
Match the Book to the Film X
More Sports Quizzes
Retrouvez tous les joueurs de la décennie 2010-2019
Quiz Lab
Trending Quizzes
Pick 6: Harry Potter
Pick 6: Mountains
Pick 6: NFL Teams
Pick 6: Flags
Pick 6: Movie Franchises
Recently Updated
NWSL Teams
pecheneg
Women's Final Four Teams by Year
bhenderson79
Presidents Quartet II
eogle
Anything But Clue(do)
eogle
Anything But Oceanian Capitals
eogle
Anything But 7
eogle
Anything But Thing
eogle
Word Ladder: February 29
pecheneg
Song Title Questions
pecheneg
Women's NCAA Tournament #1 Seeds
pecheneg
Trending Topics
Kpop
Disney
Marvel
Crossword
Harry Potter
NBA
Anime
Song
The Office
WWE
Soccer
Country
Pokémon
Puzzle
NFL
Your Account Isn't Verified!
In order to create a playlist on Sporcle, you need to verify the email address you used during registration. Go to your
Sporcle Settings
to finish the process.
Report this User
Report this user for behavior that violates our
Community Guidelines
.
Details:
Send Report
Go to the Sporcle.com Mobile Site →
Comments